[Event "Moscow-ch op"]
[Site "Moscow"]
[Date "1995.??.??"]
[Round "10"]
[White "Gagarin, Vasilij"]
[Black "Najer, Evgeniy"]
[Result "1-0"]
[WhiteElo "2420"]
[BlackElo "2455"]
[Annotator "Shipov,S"]
[PlyCount "102"]
[EventDate "1995.??.??"]
[EventType "swiss"]
[EventRounds "11"]
[EventCountry "RUS"]
[SourceTitle "EXT 1997"]
[Source "ChessBase"]
[SourceDate "1996.11.15"]
[SourceVersion "1"]
[SourceVersionDate "1996.11.15"]
[SourceQuality "1"]

1. d4 d5 2. c4 dxc4 3. Nf3 Nf6 4. e3 g6 5. Bxc4 Bg7 6. O-O O-O 7. Nc3 Ne8 $5 (
7... Nfd7) (7... c5) 8. Qe2 Nd6 9. Bb3 b5 $5 (9... b6 10. Rd1 Ba6 11. Qe1 Nc6
12. a3 Na5 13. Ba2 Bc4 14. Bxc4 Ndxc4 15. Qe2 Qd7 16. Qc2 Nd6 17. e4 $14 {
Slucker-Najer,E/Leningrad/1990/1:0/38/}) (9... Nc6 10. Rd1 e5 11. dxe5 Nxe5 12.
h3 $1 (12. Nd4 $2 Qh4 13. h3 Bd7 $1 14. Nd5 c6 15. Nf4 Rad8 $15 {Shipov,
S-Najer,E/Moscow(active)/1994/0:1/32/}) 12... Re8 13. e4 Be6 14. Bf4 $1 Nxf3+
15. Qxf3 Qe7 16. e5 $16 {Obodchuk,A-Najer,E/Moscow/1995/1:0/23/}) 10. Rd1 (10.
Nxb5 $2 Ba6 11. a4 c6 $19) 10... a5 11. a4 $1 b4 12. Na2 $6 (12. Nd5 $1 e6 (
12... Bb7 13. e4 $1 e6 $140 $6 14. Bg5 f6 15. Nf4 $36) 13. Nf4 Bb7 14. Bd2 $14
{>< c7,c5/}) 12... Bb7 13. Bc2 Be4 $1 (13... Nd7 14. e4 Ra6 $5 $36 {/\ Qa8/})
14. Bxe4 Nxe4 15. Qc2 Qd5 $1 $15 {>< Na2/} 16. b3 Ra6 (16... Nd7 $5 17. Qxc7 $2
Rfc8 18. Qf4 Rc2 $17) 17. Nd2 Nxd2 18. Rxd2 (18. Bxd2 c5 $1 $17) 18... Rc6 19.
Qd1 Nd7 20. Bb2 Rd8 21. Nc1 (21. Rc1 Rxc1 22. Nxc1 Nc5 23. f3 f5 $15) 21... Nc5
22. Ra2 e5 23. Ba1 Ne4 24. Rd3 Nc3 25. Bxc3 Rxc3 26. Ne2 Rxd3 27. Qxd3 exd4 28.
e4 $1 (28. exd4 c5 $17) 28... Qd6 29. f4 Re8 30. Rc2 $132 c5 31. e5 (31. g3 $5
{/\ Nc1,Re2,Qc4,Nd3/}) 31... Qb6 (31... Qd5 32. Qb5 Rc8 33. Nc1 $1 $13) 32. Ng3
f6 $1 33. exf6 Qxf6 34. f5 Re3 (34... Re1+ $142 $1 35. Kf2 Re3 $17) 35. Qc4+
Kh8 36. Rf2 Re1+ 37. Nf1 d3 $2 (37... Qe5 $1 $17) 38. Qxc5 gxf5 (38... Qd4 $2
39. Qc8+) 39. Qc8+ Qf8 40. Qd7 Qc5 41. Qd8+ Qf8 42. Qxd3 $10 f4 43. h3 Be5 44.
Rc2 Qe7 45. Rc8+ Kg7 46. Qf3 Qa7+ 47. Kh2 Qa6 48. Rc4 Qg6 49. Rc6 Bd6 $2 (49...
Qg3+ $3 50. Nxg3 fxg3+ 51. Qxg3+ Bxg3+ 52. Kxg3 Re3+ 53. Kf4 Rxb3 54. Rc5 $10)
50. Ra6 h5 51. Rxa5 $16 h4 1-0

[Event "Moscow-ch op"]
[Site "Moscow"]
[Date "1995.??.??"]
[Round "8"]
[White "Baikov, Vladimir A"]
[Black "Najer, Evgeniy"]
[Result "0-1"]
[WhiteElo "2370"]
[BlackElo "2455"]
[Annotator "Shipov,S"]
[PlyCount "126"]
[EventDate "1995.??.??"]
[EventType "swiss"]
[EventRounds "11"]
[EventCountry "RUS"]
[SourceTitle "EXT 1997"]
[Source "ChessBase"]
[SourceDate "1996.11.15"]
[SourceVersion "1"]
[SourceVersionDate "1996.11.15"]
[SourceQuality "1"]

1. d4 d5 2. c4 dxc4 3. e3 g6 4. Bxc4 Bg7 5. Nf3 Nf6 6. O-O O-O 7. Nc3 Ne8 $5 (
7... Nfd7) (7... c5) 8. h3 $5 (8. Qe2 Nd6 9. Bb3 b5 $1 10. Rd1 a5 11. a4 b4 12.
Na2 $2 (12. Nd5 $1 $14) 12... Bb7 13. Bc2 Be4 $1 $15 {Gagarin,V-Najer,E/Moscow/
1995/1:0/51/}) (8. e4 Nd6 9. Be2 (9. Bb3 $6 Bg4 $36) 9... Bg4 10. Be3 Nc6 (
10... Bxf3 11. Bxf3 Nc4 12. Qb3 $14) 11. d5 Bxf3 12. Bxf3 (12. gxf3 Ne5 13. Qb3
$5) 12... Ne5 $10) 8... Nd6 9. Bb3 b5 (9... Bf5 10. Re1 Ne4 11. Nh4 $14) 10.
Re1 (10. e4 b4 $1 $36) 10... Bb7 11. d5 (11. e4 $1 b4 12. Nd5 $14 e6 $140 13.
Bg5 f6 14. Nf4 $36) 11... a5 $1 (11... b4 $6 12. Na4 $14) 12. e4 (12. a4 b4 13.
Ne2 Nd7 $15) (12. a3 $5 {/\ e4/}) 12... a4 13. Bc2 a3 $1 14. Rb1 (14. e5 axb2
15. Bxb2 Nc4 16. Rb1 b4 $17) 14... Nc4 (14... axb2 $2 15. Bxb2 Nc4 16. Ba1 $16)
15. b3 $1 (15. Nxb5 axb2 16. Bf4 c6 $1 $17) 15... Nb2 $1 (15... Bxc3 16. bxc4
Bxe1 17. Qxe1 $44) 16. Qd2 (16. Bxb2 $5 axb2 17. e5 b4 18. Na4 Bxd5 19. Rxb2
$132) 16... c6 $1 17. e5 Qa5 18. Bxb2 axb2 19. Rxb2 b4 20. Ne2 (20. dxc6 $2
bxc3) 20... cxd5 21. Ned4 Nc6 $15 {^^} 22. Nxc6 Bxc6 23. Nd4 Bd7 24. Bd3 (24.
f4 Rfc8 25. Bb1 Rc3 $36) 24... Rfc8 25. Rc2 Qb6 26. Rxc8+ Rxc8 27. Bb1 e6 28.
h4 Qc5 29. h5 Qc3 30. Qxc3 Rxc3 31. hxg6 hxg6 32. g3 (32. f4 $5) 32... g5 $1
33. Kg2 Bf8 (33... g4 34. Bc2 $1 {/\ Bd1/}) (33... Bc8 $1 {/\ Ba6|^/}) 34. Ne2
Rc7 35. Rc1 $2 (35. Nd4 $15) (35. f4 $5 $15) 35... Rxc1 36. Nxc1 g4 $17 {>< e5/
} 37. Bc2 Bg7 38. Nd3 Bb5 39. Nxb4 (39. f4 gxf3+ 40. Kxf3 Bxd3 41. Bxd3 Bxe5
$19) 39... Bxe5 40. Bd1 Bd7 41. a4 Kf8 42. Bc2 Ke7 43. Nd3 Bc3 44. b4 Kd6 45.
b5 e5 46. Kf1 d4 47. Bb3 f6 48. Bc4 Bf5 49. Ke2 Be4 50. Ne1 Bb7 51. Bf7 e4 52.
Kd1 Kc5 $1 53. Be6 Kb4 54. Bxg4 Kxa4 55. Bd7 (55. f3 e3 $1 (55... Kxb5 56. fxe4
Bxe4 57. Be2+ $17) 56. Bd7 Bd5 57. Ke2 Bxe1 $1 58. Kxe1 d3 $19) 55... Bd5 56.
Bc6 Bb3+ 57. Ke2 Bc4+ 58. Kd1 d3 $19 59. b6+ Ka5 60. Bxe4 Bb3+ 61. Nc2 Bxc2+
62. Kc1 Kxb6 63. f4 Kc5 0-1

[Event "Philadelphia int op 11th"]
[Site "Philadelphia"]
[Date "2017.06.28"]
[Round "7"]
[White "Paragua, Mark"]
[Black "Stukopin, Andrey"]
[Result "0-1"]
[WhiteElo "2520"]
[BlackElo "2577"]
[Annotator "Stukopin,A"]
[PlyCount "48"]
[EventDate "2017.06.24"]
[EventType "swiss"]
[EventRounds "9"]
[EventCountry "USA"]
[SourceTitle "CBM 179"]
[Source "ChessBase"]
[SourceDate "2017.07.12"]
[SourceVersion "1"]
[SourceVersionDate "2017.07.12"]
[SourceQuality "1"]

1. d4 d5 2. c4 dxc4 {Not a typical move when trying to win a game. However,
this continuation allows Black to go for complications at a relatively low
cost.} 3. Nf3 Nf6 4. e3 Bg4 {In this structure, Black's light-squared bishop
is most efficiently placed on b7, where it has control over the diagonal h1-a8.
Even though 4...Bg4 is definitely not the best move, it leads to interesting
and only slightly worse positions for Black.} 5. Bxc4 e6 6. h3 Bh5 7. Qb3 $6 {
This move wins a pawn but wastes a lot of time, which gives Black a
comfortable development. In my opinion, White has better ways to approach this
position. Some of the alternatives are:} (7. Nc3 $5 Nc6 8. Bb5 Bd6 9. e4 {
1-0 Le,Q (2718) -Kazhgaleyev,M (2582) Tashkent 2016}) (7. g4 Bg6 8. Ne5 Nbd7 9.
Nxg6 hxg6 10. Nc3 c6 11. Bf1 {[%cal Gf1g2]}) 7... Bxf3 8. gxf3 Nbd7 {No time
to worry about pawns!} (8... b6 9. f4 {[%cal Gf4f5]} a6 10. O-O (10. f5 $6 b5
11. Bd3 exf5 12. Bxf5 c5 $11) 10... Be7 11. Be2 $14 {[%cal Ge2f3,Gf1d1]}) 9.
Qxb7 c5 10. dxc5 {A very natural move, which keeps White's structure solid.} ({
Objectively,} 10. Nc3 {is a better move.} cxd4 11. exd4 Bd6 {[%csl Re1,Rf2,Rf3]
Black still gets enough compensation due to White's ruined structure and
inappropriately "centralised" king.}) 10... Bxc5 11. Nc3 $6 {Again, the move
looks natural, but the queen is too vulnarable on b7 and desperately needs to
get to safety.} ({Surprisingly, a refuge can be found on g2 after} 11. f4 $1
$44 {and the queen retreats to g2 where it belongs.}) 11... Rb8 12. Qa6 O-O $6
{Too slow. However, it was hard to believe that the time to finish the game
has come.} (12... Rb6 $1 13. Qa5 (13. Qxa7 Rxb2 14. Qa6 Rb6 15. Qa4 O-O $36 {
[%cal Gd7e5]}) (13. Qa4 Rb4 14. Qa6 Nb8 15. Bb5+ Kf8 16. Qb7 a6 $17) 13... Bb4
14. Qa4 Qc7 15. a3 Bxc3+ 16. bxc3 O-O $17 {[%cal Gd7e5] and White's position
is falling apart.}) 13. Bb3 $6 (13. Be2 {[%csl Ge2,Ge3,Gf2,Gf3] The bishop is
better off on e2.} Rb6 14. Qa4 Qb8 {[%cal Gf8c8,Rc8c3,Rb8b2] Black is still
capable of putting a lot of pressure on White's position.}) 13... Ne5 14. Qe2
Rb4 $5 {[%cal Gb4h4,Gd8a8] Going to h4 and allowing the queen to get to a8.} (
14... Qa5 $5 {[%cal Gc5b4,Ge5g6,Ga5h5] was a nice alternative. After White
castles, the queen will be sent to f5 or h5 via the fifth rank. E.g.} 15. Rb1
Bb4 16. O-O Ng6 $15 {[%cal Ga5f5]}) 15. Rg1 (15. O-O Qa8 16. e4 Nh5 {[%cal
Gh5g3]} 17. Be3 Bxe3 18. Qxe3 Ng6 $3 19. Qc5 Nhf4 20. Qxb4 $2 Qd8 $19 {[%cal
Gd8g5]} 21. Qc5 Nxh3+ 22. Kg2 Ngf4+ 23. Kg3 f5 {[%cal Gd8g5,Rc5g5]}) (15. Bc2
Qa8 16. e4 (16. Ne4 $2 Nxe4 17. Bxe4 Rxe4 18. fxe4 Qxe4 $19 {[%csl Re1,Rf3]
[%cal Ge5f3]}) 16... Qb8 $17 {[%csl Rf4][%cal Ge5g6,Gg6f4]}) (15. Kf1 $5 Rh4
16. Kg2 Qa8 $15 {[%csl Ga8,Ge5,Gh4][%cal Ra8f3] White's position is too
passive.}) 15... Rh4 16. f4 Nd3+ 17. Kf1 e5 $1 {Blowing up White's position.} (
17... Nxc1 $6 18. Rxc1 Rxh3 19. Nd5 $13) 18. f5 (18. Nd5 {doesn't help:} Nxd5
19. Qxd3 Nxe3+ $1 20. Ke2 Qxd3+ 21. Kxd3 Rd8+ 22. Ke2 Nf5 23. fxe5 Rxh3 $17) (
18. fxe5 Nxe5 {[%csl Rh3][%cal Gd8d7]}) (18. Bc2 Nxc1 19. Rxc1 exf4 {[%csl Gc5,
Re3,Rf2,Gf4][%cal Rc5f2]}) 18... e4 $1 {[%csl Gd3,Rf5] Now, the f5-pawn is an
easy target.} 19. Bc2 Ne5 $1 ({Not} 19... Nxc1 $6 20. Rxc1 Qc8 21. Qb5 Qxf5 22.
Ke1 $15) 20. b3 (20. Nxe4 $5 Rxe4 $1 21. Bxe4 Nxe4 22. f3 (22. f4 Nc6 23. Qg2
$4 {[%cal Rg2g7,Rg2e4]} Qd1#) 22... Nd6 {[%csl Gc5,Gd6,Re3,Ge5,Rf3,Rf5]}) 20...
Qc8 {[%csl Rf5]} ({Even} 20... Qd7 {works} 21. Qb5 Qxf5 $1 22. Qxc5 Qxh3+ 23.
Ke2 (23. Rg2 Rg4 24. Qxe5 Rxg2 $19) 23... Qf3+ 24. Ke1 Neg4 $19) 21. Rg3 Qxf5 {
[%csl Rh3]} 22. f4 (22. Bb2 Nh5 $19) 22... Nh5 $1 23. Rg2 (23. Rg5 Qxg5 $1)
23... Qxh3 {[%cal Gh5g3] Black's advantage in activity is overwhelming.} 24.
Nxe4 Rxf4+ $1 0-1

[Event "ISR-chT"]
[Site "Ramat Aviv"]
[Date "2000.03.31"]
[Round "8.2"]
[White "Tsesarsky, Ilya"]
[Black "Zifroni, Dov"]
[Result "1-0"]
[WhiteElo "2458"]
[BlackElo "2531"]
[Annotator "Tsesarsky,I"]
[PlyCount "61"]
[EventDate "2000.01.14"]
[EventType "team"]
[EventRounds "11"]
[EventCountry "ISR"]
[SourceTitle "CBM 077"]
[Source "ChessBase"]
[SourceDate "2000.07.27"]
[SourceVersion "1"]
[SourceVersionDate "2000.07.27"]
[SourceQuality "1"]
[WhiteTeam "Jerusalem Elitzur"]
[BlackTeam "Herzliya"]
[WhiteTeamCountry "ISR"]
[BlackTeamCountry "ISR"]

{[%mdl 544]} 1. Nf3 d5 2. d4 Nf6 3. c4 dxc4 4. e3 Bg4 5. Bxc4 (5. h3 Bh5 6. Nc3
e6 7. g4 Bg6 8. Ne5 Nbd7 9. Nxc4 (9. Nxg6 hxg6 10. Bxc4 Nb6 11. Bf1 c5 12. Bb5+
(12. Bg2 cxd4 13. exd4 Nfd5 14. Bd2 Bb4 15. a3 Be7 16. Qb3 Bf6 17. Nxd5 exd5
18. Be3 $11) 12... Nfd7 13. Qf3 a6 $11 {1/2-1/2 Van Seters,F-Smyslov,V/
Hastings6263 1962/[Modern Classics 01] (62)}) 9... Bb4 (9... c5 10. Bg2 cxd4
11. exd4 Rc8 $15) 10. Bg2 Be4 11. O-O Bxg2 12. Kxg2 h5 $132 {1-0 Dorfman,
J-Santos,L/Oviedo rapid45 1992 (32)}) 5... e6 6. h3 Bh5 7. Nc3 (7. g4 Bg6 8.
Ne5 Nbd7 (8... Be4 9. f3 Bd5 10. Be2 Nfd7 11. e4 Bb4+ 12. Kf1 Bc6 13. Nxc6 Nxc6
14. Be3 $14) (8... c5 9. Nc3 Nbd7 10. Nxg6 hxg6 11. g5 (11. d5 exd5 12. Nxd5
Ne5 13. Bb5+ Nc6 14. Bxc6+ bxc6 15. Nxf6+ Qxf6 16. Qe2 c4 $11) 11... cxd4 12.
exd4 Rc8 13. Bb3 $14) 9. Nxg6 hxg6 10. Bf1 c6 11. Bg2 Be7 12. Nc3 a6 13. Bd2
Qc7 14. Rc1 Rd8 {1/2-1/2 Tsesarsky,I-Zilberman,Y/Rishon-active 1999 (62)} 15.
g5 Nh5 (15... Nd5 16. Bxd5 $16) 16. Ne4 $14) 7... Nbd7 8. g4 Bg6 9. Nh4 (9. h4
Bb4 (9... h6 10. Rg1 c5 $132 {1-0 Sallay,R-Haag,E/Budapest HUN ch 1964 (52)}) (
9... Nxg4 10. h5 Bf5 11. e4 $16) 10. Nd2 c5 11. h5 cxd4 12. exd4 Be4 13. Ndxe4
Nxe4 $15) 9... c6 $6 (9... c5 10. Nxg6 hxg6 11. Qf3 (11. g5 cxd4 12. exd4 Rc8
13. Bb3 (13. Qe2 Nh7 14. d5 e5 15. f4 Bd6 16. Ne4 Bb4+ 17. Bd2 Qe7 18. fxe5
Nxe5 19. Bb5+ Kf8 $15) 13... Nh7 14. d5 e5 15. Rg1 Bb4 16. Bd2 $14) 11... Qc8
12. d5 exd5 13. Nxd5 $14 {1-0 Faanacht,P-Munch,I/SB RHH MAT 1990 (37)}) (9...
Bd6 10. Nxg6 hxg6 11. Qf3 (11. g5 Nd5 12. e4 N5b6 13. Bb3 Rh4 14. Be3 Qe7 15.
e5 Bb4 16. Qf3 O-O-O 17. Kf1 Bxc3 18. bxc3 $14 {1/2-1/2 Dalinger,H-Filgueira,H/
Acasusso ,EXT 1991 (41)}) 11... c6 12. Bd2 $14) (9... Bb4 10. Nxg6 hxg6 11. a3
Bxc3+ 12. bxc3 $14 {1-0 Kurajica,B-Martic,Z/Porec CRO 1998 (28)}) (9... Be4 $5
10. f3 (10. Nxe4 Nxe4 11. Nf3 (11. Ng2 Bb4+ 12. Kf1 Qf6 13. Nf4 g5 14. Qc2 Nd6
15. Nd3 Qf3 16. Kg1 Ba5 17. Bb3 h5 $15 {0-1 Paldanius,P-Helenius,M/Finland Tch
1995 (45)}) 11... h5 (11... Nd6 12. Bb3 Qe7 13. Bd2 h5 14. Rg1 hxg4 15. hxg4
O-O-O $11 {1-0 COMP Meph Portorose 68030-COMP Deep Thought/Reno ch-n amerika
1989 (64)}) 12. Bd3 Ng5 13. gxh5 Nxf3+ 14. Qxf3 Ne5 15. Qe4 Nxd3+ 16. Qxd3 Qd5
17. e4 Qxh5 $15 {1/2-1/2 Bondarevsky,I-Krogius,N/Sochi(9) 1964 (30)}) 10... Bc6
(10... Bd5 11. Nxd5 exd5 12. Bb3 Bb4+ 13. Ke2 (13. Kf2 $14) 13... c6 14. a3 Bf8
15. Nf5 g6 16. Ng3 Bd6 17. Kf2 h5 18. Bd2 $14 {1/2-1/2 Paulsen,D-Grund,H/
Altenkirchen GER 1999 (110)}) 11. Ng2 Be7 12. e4 Nb6 13. Bb3 a5 14. a4 Bb4 15.
O-O Qe7 16. Bg5 (16. Be3 O-O-O 17. Qc2 $14) 16... h6 17. Be3 O-O-O 18. Qe2 g5
19. Rfc1 Kb8 20. Na2 $14 {1-0 Schuh,H-Steiger,W/Donaueschingen MA ,GER 1985 
(51)}) (9... Nb6 10. Nxg6 (10. Bb3 c5 11. dxc5 Qxd1+ 12. Bxd1 Bxc5 13. Nxg6
hxg6 14. Be2 Nbd5 15. Nxd5 Nxd5 16. a3 O-O-O 17. Bd2 Kb8 18. Bf3 $11 {1/2-1/2
Abramovic,B-Matulovic,M/Cetinje YUG tt 1993 (46)}) 10... hxg6 11. Bb3 (11. Be2
c5 (11... Nbd5 12. Bf3 c5 13. g5 cxd4 14. Qxd4 Nxc3 15. Bxb7 Nd7 16. bxc3 $16 {
1-0 Jasnikowski,Z-Kekki,P/Espoo ,EXT 1989 (28)}) 12. g5 Nfd5 13. Nxd5 exd5 14.
a4 {Moskalenko,V-Matulovic,M/Kastel Stari op 1988/Inf 46 (14)} (14. f4 $11)
14... Qxg5 $17) 11... c5 12. Qf3 cxd4 13. exd4 Nfd5 14. Nxd5 exd5 15. Bd2 Be7
16. a4 O-O 17. O-O Qd7 18. Rfe1 Rac8 19. Re2 Nc4 20. Bf4 a6 21. Kg2 $14 {
1-0 Khomyakov,V-Wichmann,C/Budapest Spring 1992 (48)}) 10. Nxg6 hxg6 11. Qf3 $1
{This move with further 0-0-0, in my opinion, bring to White clear advantage.}
(11. Bf1 Be7 (11... Bd6 12. Bg2 Rc8 13. O-O g5 14. e4 Bf4 15. Re1 Nf8 16. e5
N6d7 17. Ne4 $16 {1-0 Petkevich,J-Viksna/Riga 1985 (30)}) 12. Bg2 Nd5 13. e4
N5b6 14. O-O O-O 15. d5 e5 16. Qe2 $14 (16. dxc6 bxc6 17. Qc2 Nc5 18. Rd1 Qc7
19. Be3 Ne6 20. Bf1 (20. Ne2 Rfd8 21. Rac1 Rxd1+ 22. Rxd1 Rd8 $11) 20... Rfd8
21. Rac1 Rxd1 22. Qxd1 $11 {0-1 Tsesarsky,I-Zilberman,Y/Grand Prix 1996/ (55)})
) 11... Be7 (11... Bd6 12. Bb3 (12. Bd2 Qe7 13. O-O-O O-O-O 14. e4 (14. Kb1 Kb8
15. Bb3 Nd5 16. e4 Nxc3+ 17. bxc3 (17. Bxc3 $14) 17... c5 18. g5 cxd4 19. cxd4
Rc8 20. Rc1 $11 (20. Rhe1 $132 {1/2-1/2 Conquest,S-Brynell,S/Nordic GP
Torshavn FAI 1997 (56)})) 14... Nb6 15. Bb3 $14) 12... Qe7 13. e4 e5 14. d5 Bc5
15. Be3 Bxe3 16. fxe3 cxd5 17. exd5 e4 18. Qe2 O-O 19. O-O-O Nc5 20. Bc2 Qe5
21. Qh2 $14 {1-0 Smolej,F-Zieher,H/BL 1985 (40)}) (11... a5 12. a3 Be7 13. h4
Nd5 14. g5 b5 15. Bb3 b4 16. Ne2 a4 17. Bc2 c5 18. h5 b3 19. Bd3 Rxh5 20. Rxh5
gxh5 21. g6 N7f6 22. gxf7+ Kxf7 23. e4 Nc7 24. e5 Qd5 25. Qh3 Ng8 26. Qxh5+ Kf8
27. Nf4 $16 {0-1 Khomyakov,V-Fominyh,A/Warsaw 1992 (49)}) 12. Bd2 (12. h4 $5
Nd5 13. g5 $14) 12... a6 13. Bb3 Nd5 14. e4 Nc7 $2 $16 (14... Nxc3 15. Bxc3 (
15. bxc3 Bg5 16. Bxg5 Qxg5 17. e5 $14) 15... Bf6 16. Rd1 (16. O-O-O Qb6 17. d5
cxd5 18. exd5 O-O 19. dxe6 fxe6 $132) 16... Nb6 17. O-O $14) 15. O-O-O Bg5 16.
Qg3 $1 {[%cal Gf2f4]} (16. d5 cxd5 17. exd5 Qf6 18. Qg3 Bxd2+ 19. Rxd2 Nxd5 20.
Bxd5 exd5 21. Re1+ Kf8 22. Nxd5 Qc6+ 23. Kb1 Nc5 $14) 16... Bxd2+ (16... Nb5
17. f4 Bh4 (17... Be7 18. Nxb5 axb5 19. f5 $16) 18. Qe3 $16) 17. Rxd2 Qb8 $5 (
17... Nb5 $5 18. f4 (18. d5 Nxc3 19. Qxc3 (19. bxc3 Nc5 20. Re1 (20. dxe6 Qxd2+
21. Kxd2 Nxe4+ 22. Ke3 Nxg3 23. exf7+ Kf8 24. fxg3 g5 $44)) 19... cxd5 20. Qxg7
Rc8+ 21. Kb1 Qf6 22. Qxf6 Nxf6 23. exd5 Nxd5 24. Bxd5 Rd8 25. Bc6+ (25. Kc2
exd5 26. h4 $14) 25... bxc6 26. Rxd8+ Kxd8 27. h4 $14) 18... Nf6 19. Bc2 (19.
e5 $2 Nxc3 20. bxc3 (20. exf6 Ne4 $17) 20... Ne4 $17) 19... Nxd4 20. e5 Nh7 21.
Rhd1 c5 22. Ne4 Qa5 23. Nxc5 Qxc5 24. Rxd4 Rc8 25. Qd3 $16) 18. f4 Nb5 19. e5
$5 ({Quite well was also} 19. d5 Nc5 20. Bc2 (20. dxe6 Nxb3+ 21. axb3 fxe6 22.
e5 $16) 20... cxd5 21. exd5 exd5 22. Re1+ Kf8 23. Nxd5 $16) 19... c5 $2 $18 (
19... Nxc3 $1 20. Qxc3 (20. bxc3 Qc7 21. f5 Nf8 $8 22. fxe6 (22. fxg6 Nxg6 23.
h4 c5 24. Kb2 cxd4 25. cxd4 Rd8 $132) 22... Nxe6 (22... fxe6 23. Rf1 $16) 23.
Bxe6 fxe6 24. Qd3 (24. Rf1 O-O-O 25. Rdf2 $14) 24... g5 25. Rf2 (25. Qg6+ Qf7
26. Qxg5 Qf3 $132) 25... O-O-O 26. Qe3 $14) 20... Qd8 21. Rf1 (21. f5 gxf5 22.
gxf5 exf5 23. Rg1 (23. e6 fxe6 24. Re1 Nf8 25. Bxe6 Nxe6 26. Rxe6+ Kf7 $44)
23... Rh7 24. Rdg2 g6 25. e6 fxe6 26. Rxg6 Nf8 27. Rg8 Kd7 28. Re1 Re7 29. h4
$14) 21... Nb6 22. f5 Nd5 23. Qf3 (23. Qg3 g5) 23... O-O 24. f6 $1 $16) 20. d5
exd5 21. Bxd5 (21. Nxd5 Nd4 22. Re1 b5 23. f5 gxf5 24. gxf5 Rh7 25. Qg2 $16)
21... Nb6 $8 22. e6 (22. Ne4 $5 Nxd5 (22... O-O 23. Ng5 Nxd5 24. Qh4 $18) 23.
Rxd5 b6 (23... O-O 24. Ng5 Rd8 25. Rdd1 Nd4 26. Qh4 $18) 24. Rhd1 Nd4 25. Kb1
$16) 22... Nxd5 (22... f6 23. Qd3 $18) 23. Nxd5 (23. exf7+ Kxf7 24. Nxd5 Nd4
25. Nb6 Ra7 26. Nd7 Qd6 27. Ne5+ Kg8 28. Re1 $16) 23... fxe6 24. Re1 Nd4 (24...
O-O 25. Ne7+ Kf7 26. Qd3 $1 Nc7 (26... Kxe7 27. Qd7+ Kf6 28. Qxe6#) 27. Qd7 $18
) {[%tqu "En","?","","","d2d4","",10]} 25. Rxd4 $1 cxd4 26. Rxe6+ Kf8 (26...
Kd7 27. Qe1 $18) (26... Kd8 27. Kb1 (27. Qe1 $16) 27... Ra7 (27... b5 28. Qe1
$18) 28. Qa3 $18) (26... Kf7 27. Re7+ Kg8 (27... Kf8 28. Qa3 Kg8 29. Nf6+ $18)
28. Nf6+ gxf6 29. Qb3+ $18) 27. Qa3+ Kg8 28. Ne7+ Kf7 29. Qb3 Qe8 $6 ({It was
necessary to check me after} 29... Qxf4+ $5 30. Kb1 $1 (30. Kd1 Rxh3 31. Re3+
Ke8 32. Qg8+ Kd7 33. Qe6+ Kd8 $11) (30. Re3+ Ke8 31. Nd5+ Qxe3+ 32. Nxe3 dxe3
33. Qxe3+ Kd7 34. Qd3+ Kc7 35. Qxg6 $16) 30... Rxh3 31. Qd5 $1 $18 {Only after
this move white Q remain on a2-g8 diagonal.} (31. Re3+ Ke8 32. Qg8+ Kd7 33.
Qe6+ Kd8 $11) (31. Qc4 Rh1+ 32. Re1+ Ke8 33. Qg8+ Qf8 34. Qxf8+ Kxf8 35. Nxg6+
Kf7 36. Ne5+ Ke6 $17)) (29... Rxh3 30. Re3+ Ke8 (30... Kf8 31. Qg8#) 31. Qg8+
Kd7 32. Qd5+ Ke8 33. Nc6+ (33. Re4 $18) 33... Rxe3 34. Qg8+ Kd7 35. Nxb8+ Kc7
36. Qxg7+ Kxb8 37. Qh8+ $18) 30. Re5+ (30. Rxa6+ $1 Kxe7 (30... Kf8 31. Nxg6+
Qxg6 32. Rxg6 $18) 31. Qxb7+ Qd7 32. Qe4+ Kf8 33. Rxa8+ $18) 30... Kf8 31. Qe6
1-0